000 00669nam a2200241 4500
001 1961
010 _a9789895761371
021 _aPT
_b537433/24
090 _a1961
100 _a20250811d2024 km|y0pory5003 ba
101 _apor
102 _aPT
200 _aO manifesto capitalista
_fJohan Norberg
_eo mercado livre global irá salvar o mundo. Como? Porquê?
210 _aLisboa
_cGuerra e Paz
_d2024
215 _a276 p.
_d23 cm
300 _aBMB-Registado
606 _92810
_aTeoria Económica
606 _92811
_aCapitalismo
675 _a330.1
_vBMB
_zpor
700 _aNorberg
_bJohan
_92812
702 _92818
_aGomes
_bSara Sousa
801 _aPT
_bBMB
_gRPC
990 _cLIVROS